000 01445naa a22003257a 4500
001 BR8401352
003 BR-BrBNA
005 20250721154433.0
007 ta
008 250630b bl.|||m| |||| 00| 0 por d
040 _aBR-BrBNA
_bpor
_cBiblioteca Nacional de Agricultura
041 _a(Pt)
072 _aL20; L30
_b8527
_bG514
090 _aL20 BR8401352
100 1 _aLema, T. de
100 1 _aAraujo, M.L. de
100 1 _aAzevedo, A.C.P.
245 1 _aContribuicao ao conhecimento da alimentacao e do modo alimentar de serpentes do Brasil [habito alimentar]
246 1 _a[Contribution to the knowledge of preys and feeding habits of the Brazilian snakes [feeding habit]
246 1 _a[Communications from the Science Museum of the Pontificial Catholic University of Rio Grande do Sul]
500 _aComunicacoes do Museu de Ciencias da Pontificia Universidade Catolica do Rio Grande do Sul Porto Alegre, RS (Brasil): 1983. p. 41-121 [17 illus.; Summaries (En, Pt); Bibliography p. 101-104 (71 ref.)] (BR8401352-AMS)
773 0 _tComunicacoes do Museu de Ciencias da Pontificia Universidade Catolica do Rio Grande do Sul
_wL20 BR8401352
_gPorto Alegre, RS (Brasil), 1983. p. 41-121
650 _aCOBRA
650 _aHABITAT
650 _aHABITO ALIMENTAR
650 _aDIETA
490 _aComunicacoes do Museu de Ciencias da PUCRGS (Brazil)
_vno. 14
942 _cAMS
_2AGRIS
909 _a202506
_bLúcia
_c55
_dLúcia Elande
999 _c334754
_d334754